000 00635nam a2200205Ia 4500
005 20241216011448.0
008 190429s9999||||xx |||||||||||||| ||und||
082 _a331.21
_bH96
100 _aHURTADO MELLADO OSCAR WUILFREDO
245 0 _aEL INGRESO MINIMO COMO PARAMETRO DEL NIVEL DE VIDA EN EL TRABAJADOR DEPENDIENTE
250 _a0
260 _aCERRO DE PASCO-PERU
_bUNDAC
_c1996
300 _a100 pag.
_c30 cm.
341 _h0
490 _v0
_a0
505 _aINGRESO MINIMO/CONDICIONES DE VIDA/CANASTA FAMILIAR/NIVELES
541 _aD
_bHURTADO MELLADO, OSCAR W.
_d04-Mar-02
_oSoles
650 _aEconomía
942 _cTESIS
999 _c42534
_d42534